Kings of Prussia. - Statistics

General Stats
  • This quiz has been taken 359 times
  • The average score is 10 of 15
Answer Stats
Dynasty Reign King % Correct
1688 - 1701 Frederick I
96%
1701 - 1713 Frederick I
96%
1740 - 1786 Frederick II
96%
1888 Frederick III
96%
1861 - 1888 William I
91%
1888 - 1918 William II
91%
1640 - 1688 Frederick William
69%
1713 - 1740 Frederick William I
69%
1786 - 1797 Frederick William II
69%
1797 - 1840 Frederick William III
69%
1840 - 1861 Frederick William IV
69%
Hohenzollern 1525 - 1568 Albert
46%
1618 - 1619 John Sigismund
35%
1568 - 1618 Albert Frederick
16%
1619 - 1640 George William
16%
No matching quizzes found
Score Distribution
Percent of People with Each Score
Percentile by Number Answered
Your Score History
You have not taken this quiz